000 00425nam a22001337a 4500
003 SGT
020 _a9789350872444
082 _a891.4309
_bY15K
100 _aकुमार, कौशल
245 _aयोग साधना : चिकित्सीय एवं आध्यात्मिक पक्ष
260 _bयोग इंडिया प्रकाशन
_c2015
300 _a288
942 _2ddc
_cBK
999 _c29667
_d29667